[Event "Titled Tuesday intern op 28th Dec"]
[Site "Chess.com INT"]
[Date "2021.12.28"]
[Round "7"]
[White "Zhang, Alan"]
[Black "Dmitrenko, Viktor"]
[Result "0-1"]
[WhiteElo "2077"]
[BlackElo "2395"]
[PlyCount "86"]
[EventDate "2021.12.28"]
[EventType "swiss (blitz)"]
[EventRounds "11"]
[EventCountry "USA"]
[SourceTitle "CBM 206 Extra"]
[Source "ChessBase"]
[SourceDate "2022.03.31"]
[SourceVersion "1"]
[SourceVersionDate "2022.03.31"]
[SourceQuality "1"]

1. e4 c6 2. d4 d5 3. Nc3 dxe4 4. Nxe4 h6 5. h4 Bf5 6. Ng3 Bh7 7. Nf3 Nf6 8. Bd3 Bxd3 9. Qxd3 e6 10. Bd2 Nbd7 11. O-O-O Qb6 12. Ne4 Nxe4 13. Qxe4 Nf6 14. Qe2 O-O-O 15. Be3 Nd5 16. Ne5 Qc7 17. g4 Bd6 18. Nd3 e5 19. dxe5 Bxe5 20. Bxa7 Rhe8 21. Nxe5 Rxe5 22. Qd3 Ree8 23. Qf5+ Qd7 24. Qd3 b6 25. Qa6+ Qb7 26. Qa4 Rd7 27. c4 b5 28. Qc2 bxc4 29. Bc5 Qb5 30. Bd4 Nb4 31. Qd2 Nd3+ 32. Kb1 Rxd4 33. Qc3 Rxg4 34. Rd2 Rge4 35. Rhd1 Re1 36. b3 Rxd1+ 37. Rxd1 Nc5 38. Qxc4 Qxc4 39. bxc4 Ne6 40. Re1 Rd8 41. Kc1 Rd4 42. f3 Rxc4+ 43. Kd2 Rxh4 0-1

[Event "Titled Tuesday intern op 28th Dec"]
[Site "Chess.com INT"]
[Date "2021.12.28"]
[Round "7"]
[White "Zhou, Qiyu"]
[Black "Stankovic, Ivan G"]
[Result "1-0"]
[WhiteElo "2218"]
[BlackElo "2255"]
[PlyCount "97"]
[EventDate "2021.12.28"]
[EventType "swiss (blitz)"]
[EventRounds "11"]
[EventCountry "USA"]
[SourceTitle "CBM 206 Extra"]
[Source "ChessBase"]
[SourceDate "2022.03.31"]
[SourceVersion "1"]
[SourceVersionDate "2022.03.31"]
[SourceQuality "1"]

1. e4 c5 2. Nf3 Nc6 3. d4 cxd4 4. Nxd4 g6 5. Nc3 Bg7 6. Be3 Nf6 7. Bc4 O-O 8. Bb3 d6 9. h3 Bd7 10. O-O Rc8 11. Qd2 a6 12. Rad1 b5 13. f3 Ne5 14. Bh6 Bxh6 15. Qxh6 Qb6 16. Kh2 Nc4 17. Bxc4 Rxc4 18. Qe3 Qc5 19. Rfe1 Rc8 20. a3 Rxc3 21. bxc3 Qxc3 22. Qxc3 Rxc3 23. Rd3 Rc4 24. Re2 a5 25. Kg1 Nh5 26. Red2 Nf4 27. Re3 Kf8 28. Kf2 Ke8 29. Rb3 b4 30. axb4 axb4 31. h4 e5 32. Ne2 Ne6 33. Rbd3 Ba4 34. Rxd6 Bxc2 35. Rb6 b3 36. Rb8+ Ke7 37. Rb7+ Kf6 38. g4 h6 39. Ng3 Nd4 40. Ne2 Nc6 41. Rb6 Ke7 42. Rb7+ Kf6 43. Rd6+ Kg7 44. Rdd7 Kg8 45. Rxf7 b2 46. Rg7+ Kf8 47. Rbf7+ Ke8 48. Rb7 b1=Q 49. Rg8# 1-0

[Event "Titled Tuesday intern op 28th Dec"]
[Site "Chess.com INT"]
[Date "2021.12.28"]
[Round "8"]
[White "Agamaliev, Gamil"]
[Black "Ballester Llagaria, Luis Eduardo"]
[Result "0-1"]
[WhiteElo "2485"]
[BlackElo "2298"]
[PlyCount "54"]
[EventDate "2021.12.28"]
[EventType "swiss (blitz)"]
[EventRounds "11"]
[EventCountry "USA"]
[SourceTitle "CBM 206 Extra"]
[Source "ChessBase"]
[SourceDate "2022.03.31"]
[SourceVersion "1"]
[SourceVersionDate "2022.03.31"]
[SourceQuality "1"]

1. e4 e6 2. d4 d5 3. Nd2 Be7 4. e5 c5 5. c3 Nc6 6. Bd3 Qb6 7. Ndf3 cxd4 8. cxd4 Bd7 9. Ne2 Nb4 10. Bb1 Qa6 11. O-O Bb5 12. Re1 Nd3 13. Bxd3 Bxd3 14. Nf4 Bg6 15. Nxg6 hxg6 16. Bg5 Nh6 17. Bxe7 Kxe7 18. Rc1 Rhc8 19. Qb3 Ke8 20. Red1 Qb6 21. Qa4+ Rc6 22. Rxc6 Qxc6 23. Qxc6+ bxc6 24. Nd2 f6 25. exf6 gxf6 26. Nb3 Ke7 27. Nc5 Kd6 0-1

[Event "Titled Tuesday intern op 28th Dec"]
[Site "Chess.com INT"]
[Date "2021.12.28"]
[Round "8"]
[White "Aggelis, Nikolaos"]
[Black "Karavaeva, Olga"]
[Result "1-0"]
[WhiteElo "2284"]
[BlackElo "2260"]
[PlyCount "83"]
[EventDate "2021.12.28"]
[EventType "swiss (blitz)"]
[EventRounds "11"]
[EventCountry "USA"]
[SourceTitle "CBM 206 Extra"]
[Source "ChessBase"]
[SourceDate "2022.03.31"]
[SourceVersion "1"]
[SourceVersionDate "2022.03.31"]
[SourceQuality "1"]

1. d4 d5 2. Nf3 e6 3. g3 c6 4. Bg2 Nf6 5. O-O Nbd7 6. b3 Bd6 7. Bb2 O-O 8. Nbd2 Re8 9. Ne5 Qc7 10. Nd3 e5 11. dxe5 Nxe5 12. Nxe5 Bxe5 13. Bxe5 Qxe5 14. c4 Qxe2 15. cxd5 Qxd1 16. Raxd1 Nxd5 17. Ne4 Bg4 18. Rd2 Rad8 19. h3 Bf5 20. Nc5 b6 21. Na6 Be4 22. Rfd1 Bxg2 23. Kxg2 Rc8 24. Kf3 g6 25. h4 h5 26. Rc2 Re6 27. Rxd5 Rf6+ 28. Kg2 Re8 29. Rd7 Re5 30. Rxa7 g5 31. hxg5 Rxg5 32. Rc7 c5 33. Nb8 h4 34. Rc6 Rff5 35. Rxb6 hxg3 36. fxg3 Rg4 37. Nd7 Rd4 38. Nxc5 Rg5 39. b4 Rgg4 40. a3 Rg5 41. Rf6 Kg7 42. Rcf2 1-0

[Event "Titled Tuesday intern op 28th Dec"]
[Site "Chess.com INT"]
[Date "2021.12.28"]
[Round "8"]
[White "Bashylina, Luisa"]
[Black "Sokolin, Leonid M"]
[Result "0-1"]
[WhiteElo "1891"]
[BlackElo "2482"]
[PlyCount "80"]
[EventDate "2021.12.28"]
[EventType "swiss (blitz)"]
[EventRounds "11"]
[EventCountry "USA"]
[SourceTitle "CBM 206 Extra"]
[Source "ChessBase"]
[SourceDate "2022.03.31"]
[SourceVersion "1"]
[SourceVersionDate "2022.03.31"]
[SourceQuality "1"]

1. d4 Nf6 2. c4 e6 3. Nc3 Bb4 4. e3 c5 5. Nge2 cxd4 6. exd4 O-O 7. a3 Be7 8. d5 exd5 9. cxd5 d6 10. Nd4 Nbd7 11. Be2 Re8 12. O-O a6 13. h3 Bf8 14. Bf3 Ne5 15. Bf4 Qb6 16. Be3 Nc4 17. Qa4 Nxe3 18. fxe3 Rxe3 19. Rfe1 Bd7 20. Qc4 Rc8 21. Qb4 Rxe1+ 22. Rxe1 Qa7 23. Ne4 Nxd5 24. Qd2 Nb6 25. Kh1 Nc4 26. Qf2 Qb6 27. b3 Ne5 28. Rd1 h6 29. Qg3 Nxf3 30. Nf6+ Kh8 31. Nxd7 Qd8 32. Nxf8 Nxd4 33. Rxd4 Qxf8 34. Rxd6 f5 35. Qd3 Re8 36. Rd7 Qf6 37. Rxb7 Re1+ 38. Kh2 Qe5+ 39. g3 Re2+ 40. Kh1 Qa1+ 0-1

[Event "Titled Tuesday intern op 28th Dec"]
[Site "Chess.com INT"]
[Date "2021.12.28"]
[Round "8"]
[White "Berezin, Viktor1"]
[Black "Nozdrachev, Leonid"]
[Result "0-1"]
[WhiteElo "2307"]
[BlackElo "2370"]
[PlyCount "48"]
[EventDate "2021.12.28"]
[EventType "swiss (blitz)"]
[EventRounds "11"]
[EventCountry "USA"]
[SourceTitle "CBM 206 Extra"]
[Source "ChessBase"]
[SourceDate "2022.03.31"]
[SourceVersion "1"]
[SourceVersionDate "2022.03.31"]
[SourceQuality "1"]

1. d4 d6 2. Nf3 Nf6 3. g3 g6 4. Bg2 Bg7 5. O-O O-O 6. a4 Bf5 7. Nc3 Ne4 8. Ne1 Nxc3 9. bxc3 c6 10. e4 Be6 11. Be3 Na6 12. Nd3 Qa5 13. Bd2 Bc4 14. Re1 e5 15. Nb2 Be6 16. c4 Qb6 17. d5 Qxb2 18. dxe6 fxe6 19. Rb1 Qd4 20. Be3 Qxc4 21. Qxd6 Qxc2 22. Qxe6+ Kh8 23. Rxb7 Nc5 24. Rxg7 Nxe6 0-1

[Event "Titled Tuesday intern op 28th Dec"]
[Site "Chess.com INT"]
[Date "2021.12.28"]
[Round "8"]
[White "Bodnar, Nikolay"]
[Black "Gelman, Alexander"]
[Result "1-0"]
[WhiteElo "2438"]
[BlackElo "2403"]
[PlyCount "101"]
[EventDate "2021.12.28"]
[EventType "swiss (blitz)"]
[EventRounds "11"]
[EventCountry "USA"]
[SourceTitle "CBM 206 Extra"]
[Source "ChessBase"]
[SourceDate "2022.03.31"]
[SourceVersion "1"]
[SourceVersionDate "2022.03.31"]
[SourceQuality "1"]

1. e4 e5 2. Nf3 d6 3. Bc4 Be7 4. d4 exd4 5. Nxd4 Nf6 6. Nc3 O-O 7. O-O Re8 8. Re1 Bf8 9. Bb3 c6 10. Bg5 Nbd7 11. Nf5 h6 12. Bh4 Nc5 13. Qf3 Bxf5 14. Qxf5 Nxb3 15. Bxf6 Qxf6 16. Qxf6 gxf6 17. axb3 a6 18. Rad1 Re6 19. Re3 Rae8 20. h3 Kh7 21. Kh2 f5 22. Rf3 fxe4 23. Rxf7+ Kg6 24. Rxb7 d5 25. Ne2 Rf6 26. Kg1 Bc5 27. Nd4 e3 28. fxe3 Rxe3 29. Kh2 Rf2 30. b4 Bxd4 31. Rxd4 Rxc2 32. Rb6 Kf5 33. Rxa6 h5 34. Ra8 Rxb2 35. Rh8 Ke5 36. Rh4 Ree2 37. R8xh5+ Kd6 38. Rg5 Re4 39. Rh6+ Kc7 40. Rg7+ Kb6 41. Rg5 Rbxb4 42. Rxd5 Rb2 43. Rg5 Rc4 44. h4 Rb5 45. Rgg6 Re5 46. Kh3 Kb5 47. Rg5 Rxg5 48. hxg5 c5 49. g6 Re4 50. g7 Re8 51. Rh8 1-0

[Event "Titled Tuesday intern op 28th Dec"]
[Site "Chess.com INT"]
[Date "2021.12.28"]
[Round "8"]
[White "Botea, David Alexandru"]
[Black "Aslanov, Umid Fuad"]
[Result "0-1"]
[WhiteElo "1909"]
[BlackElo "2187"]
[PlyCount "48"]
[EventDate "2021.12.28"]
[EventType "swiss (blitz)"]
[EventRounds "11"]
[EventCountry "USA"]
[SourceTitle "CBM 206 Extra"]
[Source "ChessBase"]
[SourceDate "2022.03.31"]
[SourceVersion "1"]
[SourceVersionDate "2022.03.31"]
[SourceQuality "1"]

1. e4 c5 2. Nf3 d6 3. d4 cxd4 4. Nxd4 Nf6 5. Nc3 a6 6. Be3 e5 7. Nb3 Be6 8. f3 Be7 9. Qd2 O-O 10. O-O-O Nbd7 11. g4 b5 12. g5 b4 13. Nd5 Nxd5 14. exd5 Bf5 15. h4 a5 16. Bb5 a4 17. Na1 b3 18. axb3 axb3 19. Nxb3 Qb8 20. Qe2 Rc8 21. c3 Ra2 22. Bc4 Nb6 23. Bxb6 Qxb6 24. Rd2 Qxb3 0-1

[Event "Titled Tuesday intern op 28th Dec"]
[Site "Chess.com INT"]
[Date "2021.12.28"]
[Round "8"]
[White "Bures, Vit"]
[Black "Kiseleva, Arina"]
[Result "0-1"]
[WhiteElo "2119"]
[BlackElo "1962"]
[PlyCount "74"]
[EventDate "2021.12.28"]
[EventType "swiss (blitz)"]
[EventRounds "11"]
[EventCountry "USA"]
[SourceTitle "CBM 206 Extra"]
[Source "ChessBase"]
[SourceDate "2022.03.31"]
[SourceVersion "1"]
[SourceVersionDate "2022.03.31"]
[SourceQuality "1"]

1. d4 e6 2. c4 Bb4+ 3. Bd2 Qe7 4. Nf3 a5 5. g3 f5 6. Bg2 Nf6 7. O-O O-O 8. Nc3 Ne4 9. Nxe4 fxe4 10. Ng5 Bxd2 11. Qxd2 d5 12. f3 h6 13. Nh3 exf3 14. exf3 dxc4 15. Rfe1 Rd8 16. Nf4 Nc6 17. d5 Nb4 18. a3 Nxd5 19. Nxd5 Qc5+ 20. Kh1 exd5 21. f4 c6 22. Re5 b5 23. Rae1 Bd7 24. Re7 Qd6 25. Qd4 Qf6 26. Qc5 Re8 27. Bf3 Rxe7 28. Rxe7 Bh3 29. Qe3 Qxb2 30. Re8+ Rxe8 31. Qxe8+ Kh7 32. Be4+ dxe4 33. Qxe4+ Kg8 34. Qe8+ Kh7 35. Qe4+ g6 36. Qe7+ Qg7 37. Qh4 Qa1# 0-1

[Event "Titled Tuesday intern op 28th Dec"]
[Site "Chess.com INT"]
[Date "2021.12.28"]
[Round "8"]
[White "Chernomordik, Pavel"]
[Black "Cunha, Lucas Aguiar"]
[Result "0-1"]
[WhiteElo "2182"]
[BlackElo "2328"]
[PlyCount "98"]
[EventDate "2021.12.28"]
[EventType "swiss (blitz)"]
[EventRounds "11"]
[EventCountry "USA"]
[SourceTitle "CBM 206 Extra"]
[Source "ChessBase"]
[SourceDate "2022.03.31"]
[SourceVersion "1"]
[SourceVersionDate "2022.03.31"]
[SourceQuality "1"]

1. e4 c5 2. Nc3 Nc6 3. Bb5 Nd4 4. Bc4 e6 5. Nge2 Ne7 6. O-O Nec6 7. d3 a6 8. a4 Be7 9. f4 O-O 10. Ng3 f5 11. Nce2 Nxe2+ 12. Qxe2 g6 13. c3 Kh8 14. Be3 b6 15. exf5 gxf5 16. d4 d5 17. Bd3 c4 18. Bc2 Bd7 19. Qh5 Bd6 20. Rae1 Qf6 21. Qf3 Rg8 22. Ne2 Rg7 23. Kh1 Rag8 24. Rf2 b5 25. axb5 axb5 26. Ng1 b4 27. Qh3 b3 28. Bd1 Rg6 29. Qf3 Rh6 30. Qe2 Ra8 31. Nf3 Ne7 32. Ne5 Be8 33. Bc1 Ra1 34. Bd2 Rb1 35. Be3 Bh5 36. Qd2 Be8 37. Bf3 Rxe1+ 38. Qxe1 Qh4 39. h3 Ng6 40. Qa1 Bxe5 41. dxe5 Bf7 42. Qa8+ Bg8 43. Qc8 Nxf4 44. Bc5 Nd3 45. Rf1 Nxc5 46. Qxc5 Qg3 47. Qc7 Rg6 48. Ra1 Rg7 49. Qb8 Qf2 0-1

[Event "Titled Tuesday intern op 28th Dec"]
[Site "Chess.com INT"]
[Date "2021.12.28"]
[Round "8"]
[White "Derraugh, Geordie"]
[Black "Duneas, John"]
[Result "0-1"]
[WhiteElo "2209"]
[BlackElo "2071"]
[PlyCount "126"]
[EventDate "2021.12.28"]
[EventType "swiss (blitz)"]
[EventRounds "11"]
[EventCountry "USA"]
[SourceTitle "CBM 206 Extra"]
[Source "ChessBase"]
[SourceDate "2022.03.31"]
[SourceVersion "1"]
[SourceVersionDate "2022.03.31"]
[SourceQuality "1"]

1. e4 e5 2. Nf3 Nc6 3. d4 exd4 4. Bc4 Be7 5. O-O d6 6. Nxd4 Nf6 7. Nc3 O-O 8. Re1 a6 9. Bg5 Nd7 10. Bxe7 Nxe7 11. f4 b5 12. Bd5 Nxd5 13. exd5 Nc5 14. b4 Na4 15. Nxa4 bxa4 16. Nc6 Qf6 17. Qd4 Qxd4+ 18. Nxd4 Bb7 19. c4 Rfe8 20. Kf2 g6 21. Kf3 Kg7 22. Rad1 Kf6 23. Ne2 Bc8 24. Nc3 Bd7 25. c5 Bb5 26. Ne4+ Kg7 27. cxd6 cxd6 28. Nxd6 Rxe1 29. Rxe1 Rd8 30. Nxb5 axb5 31. Rd1 f5 32. Ke3 Kf6 33. Kd4 Ke7 34. Re1+ Kd7 35. Kc5 Rc8+ 36. Kxb5 Rc2 37. Kxa4 Rxa2+ 38. Kb5 Rxg2 39. h3 Rg3 40. Kc5 Rxh3 41. Ra1 Rc3+ 42. Kd4 Rb3 43. Ra7+ Kd6 44. Ra6+ Kc7 45. Kc5 Rc3+ 46. Kb5 Rd3 47. Kc4 Rf3 48. Ra7+ Kb6 49. Rxh7 Rxf4+ 50. Kb3 Rd4 51. Rd7 g5 52. Kc3 Re4 53. Rd6+ Kc7 54. Rg6 g4 55. Rf6 Rf4 56. b5 Kb7 57. b6 g3 58. Kd3 g2 59. Rg6 Rg4 60. Rxg4 fxg4 61. d6 g1=Q 62. d7 Qxb6 63. d8=Q Qxd8+ 0-1

[Event "Titled Tuesday intern op 28th Dec"]
[Site "Chess.com INT"]
[Date "2021.12.28"]
[Round "8"]
[White "Devaev, Alexander"]
[Black "Bach, Matthias"]
[Result "1-0"]
[WhiteElo "2325"]
[BlackElo "2243"]
[PlyCount "71"]
[EventDate "2021.12.28"]
[EventType "swiss (blitz)"]
[EventRounds "11"]
[EventCountry "USA"]
[SourceTitle "CBM 206 Extra"]
[Source "ChessBase"]
[SourceDate "2022.03.31"]
[SourceVersion "1"]
[SourceVersionDate "2022.03.31"]
[SourceQuality "1"]

1. Nf3 c5 2. c4 Nf6 3. Nc3 e6 4. e3 d5 5. cxd5 exd5 6. d4 Nc6 7. Bb5 c4 8. Ne5 Bd6 9. Nxc6 bxc6 10. Bxc6+ Bd7 11. Bxa8 Qxa8 12. O-O Qd8 13. f3 O-O 14. e4 dxe4 15. Nxe4 Bb8 16. Bg5 Qc7 17. g3 Nh5 18. Be7 f5 19. Bd6 Qb6 20. Bxb8 fxe4 21. Be5 Re8 22. fxe4 Rxe5 23. Kh1 Rb5 24. d5 Nf6 25. Qf3 Qd6 26. Rae1 Qe5 27. b3 cxb3 28. axb3 Bh3 29. Rf2 h6 30. Rd2 Bg4 31. Qf4 Qh5 32. d6 Bf3+ 33. Kg1 Qc5+ 34. Qe3 Ng4 35. Qxc5 Rxc5 36. d7 1-0

[Event "Titled Tuesday intern op 28th Dec"]
[Site "Chess.com INT"]
[Date "2021.12.28"]
[Round "8"]
[White "Dolzhikova, Kateryna"]
[Black "Zherebtsova, Alexandra"]
[Result "1-0"]
[WhiteElo "2161"]
[BlackElo "2182"]
[PlyCount "89"]
[EventDate "2021.12.28"]
[EventType "swiss (blitz)"]
[EventRounds "11"]
[EventCountry "USA"]
[SourceTitle "CBM 206 Extra"]
[Source "ChessBase"]
[SourceDate "2022.03.31"]
[SourceVersion "1"]
[SourceVersionDate "2022.03.31"]
[SourceQuality "1"]

1. e4 e5 2. Nf3 Nc6 3. d4 exd4 4. Bc4 Nf6 5. e5 d5 6. Bb5 Ne4 7. O-O Bc5 8. Nxd4 Bd7 9. c3 Nxe5 10. Bxd7+ Nxd7 11. f3 Nef6 12. Re1+ Kf8 13. b4 Bb6 14. Bg5 h6 15. Bh4 Kg8 16. Qd3 g6 17. Kh1 Kg7 18. Nd2 Re8 19. Nf1 Ne5 20. Qc2 Qd6 21. Ne3 Bxd4 22. cxd4 Nc6 23. Qc3 Re6 24. b5 Ne7 25. Bg3 Qb6 26. a4 c6 27. Rab1 cxb5 28. Rxb5 Qc6 29. Qb2 b6 30. Be5 Kh7 31. Rc1 Qe8 32. a5 Nd7 33. Nxd5 Nxd5 34. Rxd5 Nxe5 35. dxe5 bxa5 36. Rxa5 Rc8 37. Rac5 Rxc5 38. Rxc5 Qd7 39. h3 Rb6 40. Qc2 Qe7 41. Rc7 Qxe5 42. Rxf7+ Kg8 43. Rc7 g5 44. Qh7+ Kf8 45. Qf7# 1-0

[Event "Titled Tuesday intern op 28th Dec"]
[Site "Chess.com INT"]
[Date "2021.12.28"]
[Round "8"]
[White "Fajdetic, Hrvoje"]
[Black "Estrada Nieto, Julian"]
[Result "1-0"]
[WhiteElo "2151"]
[BlackElo "2253"]
[PlyCount "87"]
[EventDate "2021.12.28"]
[EventType "swiss (blitz)"]
[EventRounds "11"]
[EventCountry "USA"]
[SourceTitle "CBM 206 Extra"]
[Source "ChessBase"]
[SourceDate "2022.03.31"]
[SourceVersion "1"]
[SourceVersionDate "2022.03.31"]
[SourceQuality "1"]

1. d4 d5 2. Bf4 Nf6 3. e3 c5 4. Nc3 cxd4 5. exd4 Bg4 6. f3 Bd7 7. h4 e6 8. Nb5 Na6 9. c3 Qb6 10. a4 Be7 11. a5 Qc6 12. Bd3 Nh5 13. Ne2 Nxf4 14. Nxf4 O-O 15. Qc2 h6 16. g4 Nc7 17. Na3 Qd6 18. Ne2 e5 19. g5 h5 20. dxe5 Qxe5 21. f4 Qe3 22. Qd2 Bc5 23. Qxe3 Bxe3 24. Rf1 Rfe8 25. Nc2 Bc5 26. Kd2 Nb5 27. f5 Re5 28. Nf4 Bxf5 29. Bxb5 g6 30. Bd3 Rae8 31. Bxf5 Rxf5 32. Nd3 Re4 33. Nxc5 Rxh4 34. Rxf5 gxf5 35. Nd4 Rh2+ 36. Kd3 f4 37. Nxb7 Rxb2 38. a6 Kg7 39. Nc6 Kg6 40. Nxa7 Kxg5 41. Nc6 f3 42. a7 Rxb7 43. a8=Q Rc7 44. Qd8+ 1-0

[Event "Titled Tuesday intern op 28th Dec"]
[Site "Chess.com INT"]
[Date "2021.12.28"]
[Round "8"]
[White "Gaehwiler, Gabriel"]
[Black "Vovk, Orest"]
[Result "1-0"]
[WhiteElo "2400"]
[BlackElo "2315"]
[PlyCount "105"]
[EventDate "2021.12.28"]
[EventType "swiss (blitz)"]
[EventRounds "11"]
[EventCountry "USA"]
[SourceTitle "CBM 206 Extra"]
[Source "ChessBase"]
[SourceDate "2022.03.31"]
[SourceVersion "1"]
[SourceVersionDate "2022.03.31"]
[SourceQuality "1"]

1. Nf3 Nf6 2. c4 Rg8 3. d4 h6 4. h4 d5 5. cxd5 Nxd5 6. e4 Nb6 7. Nc3 Bg4 8. Be3 e6 9. Qb3 Nc6 10. O-O-O Bxf3 11. gxf3 a6 12. d5 Na5 13. Qc2 e5 14. f4 exf4 15. Bxb6 cxb6 16. e5 Bc5 17. Kb1 Rc8 18. Qf5 Bxf2 19. d6 Rxc3 20. bxc3 Be3 21. e6 fxe6 22. Qxe6+ Kf8 23. Rd5 g6 24. h5 Qe8 25. Qxe8+ Kxe8 26. d7+ Kd8 27. hxg6 Rxg6 28. Bh3 Nc6 29. Rhd1 Rf6 30. Re1 Kc7 31. d8=Q+ Nxd8 32. Rd7+ Kc6 33. Rxd8 Bd2 34. Rxd2 f3 35. Rf1 Rf4 36. Rxf3 Rh4 37. Bg2 Kc5 38. Kc2 b5 39. Rfd3 Kb6 40. Rd6+ Ka5 41. Rd7 b6 42. R7d4 Rh5 43. Bc6 Rc5 44. Bd7 h5 45. Kb3 h4 46. Rd5 Rc4 47. R2d4 Rc5 48. Rxc5 bxc5 49. Rxh4 c4+ 50. Kc2 Ka4 51. Rh6 a5 52. Ra6 Ka3 53. Rxa5# 1-0

[Event "Titled Tuesday intern op 28th Dec"]
[Site "Chess.com INT"]
[Date "2021.12.28"]
[Round "8"]
[White "Grot, Blazej"]
[Black "February, Jesse Nikki"]
[Result "0-1"]
[WhiteElo "1822"]
[BlackElo "1845"]
[PlyCount "82"]
[EventDate "2021.12.28"]
[EventType "swiss (blitz)"]
[EventRounds "11"]
[EventCountry "USA"]
[SourceTitle "CBM 206 Extra"]
[Source "ChessBase"]
[SourceDate "2022.03.31"]
[SourceVersion "1"]
[SourceVersionDate "2022.03.31"]
[SourceQuality "1"]

1. c4 e5 2. g3 Nf6 3. Bg2 d5 4. cxd5 Nxd5 5. Nc3 Nb6 6. Nf3 Nc6 7. d3 Be7 8. O-O O-O 9. a3 Be6 10. Be3 f6 11. b4 a5 12. b5 Nd4 13. Bxd4 exd4 14. Ne4 a4 15. Qd2 f5 16. Neg5 Bd5 17. h4 h6 18. Nh3 Qe8 19. Nf4 Qxb5 20. Nxd4 Qa5 21. Qxa5 Rxa5 22. Nxd5 Nxd5 23. e4 fxe4 24. dxe4 Nb6 25. Nf5 Bf6 26. Rac1 c6 27. Ne3 Nd7 28. Nc4 Raa8 29. Nd6 Rab8 30. f4 Bd4+ 31. Kh2 Bc5 32. e5 Bxa3 33. Ra1 Bxd6 34. exd6 Rf6 35. Rxa4 Rxd6 36. Re4 Nf6 37. Re7 b5 38. Rfe1 b4 39. Bh3 b3 40. Be6+ Kh7 41. g4 Rd2+ 0-1

[Event "Titled Tuesday intern op 28th Dec"]
[Site "Chess.com INT"]
[Date "2021.12.28"]
[Round "8"]
[White "Gubanov, Oleg"]
[Black "Goncharov, Vladimir"]
[Result "1-0"]
[WhiteElo "2258"]
[BlackElo "2077"]
[PlyCount "77"]
[EventDate "2021.12.28"]
[EventType "swiss (blitz)"]
[EventRounds "11"]
[EventCountry "USA"]
[SourceTitle "CBM 206 Extra"]
[Source "ChessBase"]
[SourceDate "2022.03.31"]
[SourceVersion "1"]
[SourceVersionDate "2022.03.31"]
[SourceQuality "1"]

1. e4 e6 2. d4 d5 3. Nc3 Bb4 4. Nge2 dxe4 5. a3 Be7 6. Nxe4 Nd7 7. Be3 Ngf6 8. N2c3 O-O 9. Qf3 e5 10. O-O-O Nxe4 11. Qxe4 exd4 12. Bxd4 Bg5+ 13. f4 Re8 14. Qf3 Bf6 15. Bf2 c6 16. g4 Bxc3 17. Qxc3 Qf6 18. Qf3 Ne5 19. Qe4 Bxg4 20. fxe5 Qxf2 21. Qxg4 Rxe5 22. Bc4 h5 23. Qd4 Qxd4 24. Rxd4 Re7 25. Rf1 g6 26. Rdf4 Rf8 27. Rf6 Kg7 28. a4 Rd7 29. a5 a6 30. b3 h4 31. Kb2 h3 32. R6f3 f5 33. Rxh3 Re8 34. Rg3 Re5 35. Rfg1 Rd6 36. h4 Kh7 37. h5 gxh5 38. Rg7+ Kh6 39. Bg8 1-0

[Event "Titled Tuesday intern op 28th Dec"]
[Site "Chess.com INT"]
[Date "2021.12.28"]
[Round "8"]
[White "Ibarra Jerez, Jose Carlos"]
[Black "Agibileg, Uurtsaikh"]
[Result "0-1"]
[WhiteElo "2567"]
[BlackElo "2440"]
[PlyCount "58"]
[EventDate "2021.12.28"]
[EventType "swiss (blitz)"]
[EventRounds "11"]
[EventCountry "USA"]
[SourceTitle "CBM 206 Extra"]
[Source "ChessBase"]
[SourceDate "2022.03.31"]
[SourceVersion "1"]
[SourceVersionDate "2022.03.31"]
[SourceQuality "1"]

1. Nf3 Nf6 2. d4 g6 3. Bf4 Bg7 4. Nc3 d5 5. Qd2 Ne4 6. Nxe4 dxe4 7. Ne5 O-O 8. O-O-O Be6 9. d5 Bc8 10. f3 Qd6 11. Nc6 Qd7 12. Nxb8 Rxb8 13. fxe4 Qa4 14. Kb1 Qxe4 15. Bxc7 Ra8 16. Qd3 Qb4 17. Qb3 Qc5 18. d6 Be6 19. Qxb7 exd6 20. Rd3 Rac8 21. b4 Bxa2+ 22. Kc1 Qxc7 23. Qxc7 Rxc7 24. Rxd6 Rfc8 25. e4 Rxc2+ 26. Kd1 Bb3 27. Ke1 Bc3+ 28. Kd1 Rd2+ 29. Ke1 Rxd6+ 0-1

[Event "Titled Tuesday intern op 28th Dec"]
[Site "Chess.com INT"]
[Date "2021.12.28"]
[Round "8"]
[White "Ibrahimli, Murad Sultanali"]
[Black "Le, Tuan Minh"]
[Result "0-1"]
[WhiteElo "2418"]
[BlackElo "2514"]
[PlyCount "84"]
[EventDate "2021.12.28"]
[EventType "swiss (blitz)"]
[EventRounds "11"]
[EventCountry "USA"]
[SourceTitle "CBM 206 Extra"]
[Source "ChessBase"]
[SourceDate "2022.03.31"]
[SourceVersion "1"]
[SourceVersionDate "2022.03.31"]
[SourceQuality "1"]

1. d4 d5 2. c4 c6 3. Nf3 Nf6 4. Qc2 dxc4 5. Qxc4 Bg4 6. Nbd2 Nbd7 7. g3 e6 8. Bg2 Be7 9. O-O O-O 10. e4 Qa5 11. h3 Bh5 12. Nb3 Qb4 13. Qxb4 Bxb4 14. a3 Be7 15. Bg5 h6 16. Bxf6 Nxf6 17. Rfe1 Bg6 18. Ne5 Bh7 19. Na5 Rab8 20. b4 Bd8 21. Nb3 Bc7 22. Nc4 Rfd8 23. Rad1 Kf8 24. f4 g5 25. fxg5 hxg5 26. Kf2 Ke7 27. Nc5 Nd7 28. Bf3 Nxc5 29. bxc5 b6 30. d5 bxc5 31. dxc6 Rd4 32. Rxd4 cxd4 33. e5 Bd3 34. Be2 Bc2 35. Rc1 d3 36. Bf1 Rb3 37. Nd2 Rxa3 38. Ke3 Bb6+ 39. Ke4 Rc3 40. Nf3 d2+ 41. Rxc2 d1=Q 42. Be2 Qd5# 0-1

[Event "Titled Tuesday intern op 28th Dec"]
[Site "Chess.com INT"]
[Date "2021.12.28"]
[Round "8"]
[White "Iljushina, Olga"]
[Black "Toolin, Christopher"]
[Result "0-1"]
[WhiteElo "2054"]
[BlackElo "2146"]
[PlyCount "82"]
[EventDate "2021.12.28"]
[EventType "swiss (blitz)"]
[EventRounds "11"]
[EventCountry "USA"]
[SourceTitle "CBM 206 Extra"]
[Source "ChessBase"]
[SourceDate "2022.03.31"]
[SourceVersion "1"]
[SourceVersionDate "2022.03.31"]
[SourceQuality "1"]

1. d4 Nf6 2. c4 c5 3. d5 b5 4. cxb5 a6 5. bxa6 Bxa6 6. Nc3 d6 7. e4 Bxf1 8. Kxf1 g6 9. g3 Bg7 10. Kg2 O-O 11. Nf3 Nbd7 12. Bf4 Qb6 13. Qe2 Rfb8 14. Rab1 Ng4 15. h3 Nge5 16. Nxe5 Nxe5 17. Bd2 c4 18. Be3 Qb4 19. Bd4 Nd3 20. Bxg7 Kxg7 21. Qe3 Qb6 22. Qxb6 Rxb6 23. b3 cxb3 24. Rxb3 Rxb3 25. axb3 Ra3 26. Rb1 Nc5 27. Kf3 Nxb3 28. Ke3 Nc5 29. Kd4 Rxc3 30. Kxc3 Nxe4+ 31. Kd4 Nxf2 32. h4 f5 33. Re1 Kf7 34. Re2 Ng4 35. Re6 Ne5 36. Ke3 h6 37. h5 g5 38. Ke2 Ng4 39. Kf3 Nf6 40. Ke3 Nxd5+ 41. Kd4 Kxe6 0-1